Survivor: All Stars Contestants (Final Placements) - Statistics

General Stats
  • This quiz has been taken 1,023 times
  • The average score is 16 of 18
Answer Stats
Hint Answer % Correct
18th Tina Wesson (Australia, Winner)
96%
Winner Amber Brkich (Mariano) (Australia)
94%
Runner-Up Rob Mariano (Marquesas)
94%
16th Jenna Morasca (Amazon, Winner)
90%
4th Rupert Boneham (Pearl Islands)
90%
3rd Jenna Lewis (Borneo)
89%
9th Lex Van Den Berghe (Africa)
89%
14th Richard Hatch (Borneo, Winner)
89%
17th Rudy Boesch (Borneo)
89%
5th Tom Buchanan (Africa)
89%
11th Ethan Zohn (Africa, Winner)
87%
13th Susan Hawk (Borneo)
87%
8th Kathy Vavrick-O'Brien (Marquesas)
85%
12th Colby Donaldson (Australia)
84%
10th Jerri Manthey (Australia)
84%
15th Rob Cesternino (Amazon)
83%
7th Alicia Calaway (Australia)
81%
6th Shii Ann Huang (Thailand)
75%
No matching quizzes found
Score Distribution
Percent of People with Each Score
Percentile by Number Answered
Your Score History
You have not taken this quiz